000 00656cam a22002413a 4500
001 1823
003 PGUSA
005 20140828083006.0
008 990701s1999||||xxu|||||s|||||000 1 eng d
040 _aPGUSA
_beng
042 _adc
050 4 _aPS
100 1 _aDavis, Richard Harding,
_d1864-1916
245 1 4 _aThe Make-Believe Man
_h[electronic resource] /
_cRichard Harding Davis
260 _bProject Gutenberg,
_c1999
506 _aPublic domain in the USA.
516 _aElectronic text
653 _aShort stories
653 _aFiction
830 0 _aProject Gutenberg
_v1823
856 4 0 _uhttp://www.gutenberg.org/ebooks/1823
942 _cEB
999 _c231166
_d231166